LDR 00664naa#a2200169#i#450# 001 EN\\bibl\118163 005 20260418214752.6 011 ## _a1999-9917 100 ## _a20260330b2026####ek#y0engy0150####ca 102 ## _aRU 200 1# _aANALYSIS OF THE FACTORS INFLUENCING THE FORMATION OF LAW-ABIDING BEHAVIOR OF A CONVICTED PERSON DURING THE IMPLEMENTATION OF THE PROBATION INSTITUTE _eJournal article 210 1# _aRyazan _cAcademy of the FPS of Russia _d2026 215 ## _a10 с. 608 ## _aJournal article _2local 675 ## _aИсполнение наказания без лишения свободы. 343.847 _z 700 #1 _aVorob'ev _gSergey Mikhaylovich 856 4# _amcp.editorum.ru _u